[Event "74th ch-UKR w 2014"]
[Site "Lviv UKR"]
[Date "2014.11.19"]
[Round "6.2"]
[White "Muzychuk, Anna"]
[Black "Doluhanova, Evgeniya"]
[Result "1-0"]
[WhiteTitle "GM"]
[BlackTitle "WGM"]
[WhiteElo "2545"]
[BlackElo "2284"]
[WhiteFideId "14111330"]
[BlackFideId "14112035"]
[EventDate "2014.11.13"]

1. Nf3 Nf6 2. c4 e6 3. g3 b6 4. Bg2 Bb7 5. O-O c5 6. Nc3 Be7 7. d4 cxd4 8. Qxd4
Nc6 9. Qf4 O-O 10. Rd1 Rc8 11. e4 e5 12. Nxe5 Nxe5 13. Qxe5 Rxc4 14. Qb5 Rc5 15.
Qd3 Qa8 16. Be3 Rcc8 17. Bd4 Rfe8 18. Re1 d6 19. Rad1 Nd7 20. Nd5 Bxd5 21. exd5
Bf6 22. Bxf6 Nxf6 23. Rxe8+ Rxe8 24. Rc1 Qb7 25. f4 Qe7 26. Bf3 g6 27. Kg2 h5
28. h3 Qd7 29. b3 Qe7 30. Qd4 Qd8 31. g4 Qe7 32. g5 Nd7 33. Rc7 a5 34. Qc3 Rd8
35. h4 Qe8 36. a3 Nc5 37. b4 axb4 38. axb4 Na6 39. Rc6 Nb8 40. Rc7 Na6 41. Rc6
Nb8 42. Rc4 Qf8 43. Rc7 Na6 44. Rc6 Nb8 45. Rxb6 Rc8 46. Rc6 Nxc6 47. dxc6 Qd8
48. f5 d5 49. b5 d4 50. Qc5 d3 51. b6 d2 52. b7 Rc7 53. Qb4 d1=Q 54. Bxd1 Qb8
55. Bf3 Kh7 56. f6 Rc8 57. Qe7 Rc7 58. Qb4 Rc8 59. Qe7 Rc7 60. Qe4 Qd8 61. Bxh5
Qd2+ 62. Be2 Rc8 63. bxc8=N 1-0

[Event "74th ch-UKR w 2014"]
[Site "Lviv UKR"]
[Date "2014.11.19"]
[Round "6.3"]
[White "Muzychuk, Mariya"]
[Black "Kalinina, Olga"]
[Result "0-1"]
[WhiteTitle "IM"]
[BlackTitle "WGM"]
[WhiteElo "2529"]
[BlackElo "2259"]
[WhiteFideId "14114550"]
[BlackFideId "14117258"]
[EventDate "2014.11.13"]

1. d4 Nf6 2. c4 e6 3. g3 Bb4+ 4. Bd2 c5 5. Bxb4 cxb4 6. Bg2 O-O 7. Nd2 d6 8.
Ngf3 Re8 9. O-O e5 10. dxe5 dxe5 11. Ng5 Nc6 12. e3 h6 13. Nge4 Bf5 14. Nxf6+
Qxf6 15. Ne4 Qg6 16. Nd6 Bg4 17. Qd2 Rad8 18. c5 Re7 19. Bxc6 bxc6 20. Nf5 Rxd2
21. Nxe7+ Kh7 22. Nxg6 Kxg6 23. f3 Be6 24. Rf2 Rd3 25. e4 f5 26. exf5+ Kxf5 27.
a3 b3 28. Re1 Bd5 29. f4 e4 30. Rfe2 h5 31. Kf2 Rf3+ 32. Kg1 Rd3 33. Re3 Rd2 34.
R1e2 Rd1+ 35. Kf2 Rh1 36. h3 Rc1 37. Rd2 Rxc5 38. Re1 h4 39. Ke3 hxg3 40. Rg1 g6
41. Rxg3 Rc1 42. Rg5+ Kf6 43. Rdg2 Re1+ 44. Kf2 Rb1 45. Rxg6+ Kf7 46. Ke3 Re1+
47. Kd2 Rh1 48. R6g3 Kf6 49. Ke3 Re1+ 50. Re2 Rh1 51. Rd2 Re1+ 52. Kf2 Rh1 53.
Re2 Rh2+ 54. Ke3 Rh1 55. h4 Rxh4 56. Reg2 Rh6 57. Kd4 a5 58. Rg5 Rh3 59. Kc5 Rf3
60. R2g4 e3 61. Re5 Rxf4 62. Rxf4+ Kxe5 63. Rf1 Ke4 64. Kb6 Kd3 65. Kxa5 e2 66.
Ra1 Kd2 67. Kb4 e1=Q 68. Rxe1 Kxe1 69. a4 Kd2 70. a5 c5+ 71. Kxc5 Bg2 0-1

[Event "74th ch-UKR w 2014"]
[Site "Lviv UKR"]
[Date "2014.11.19"]
[Round "6.4"]
[White "Tarleva, Vira"]
[Black "Tantsiura, Maria"]
[Result "1/2-1/2"]
[WhiteTitle "WFM"]
[BlackTitle "WIM"]
[WhiteElo "2127"]
[BlackElo "2302"]
[WhiteFideId "14116693"]
[BlackFideId "14124327"]
[EventDate "2014.11.13"]

1. e4 c5 2. Nf3 e6 3. d4 cxd4 4. Nxd4 Nf6 5. Nc3 d6 6. Be2 Be7 7. Be3 Nc6 8. O-O
Bd7 9. f4 O-O 10. Qe1 Nxd4 11. Bxd4 Bc6 12. Qg3 g6 13. Bd3 Nh5 14. Qg4 Bf6 15.
e5 Bg7 16. Rae1 Qa5 17. Qh4 Rad8 18. Qf2 Rd7 19. Nd1 dxe5 20. Bc3 Qxa2 21. fxe5
Bh6 22. Ne3 Qa4 23. b3 Qf4 24. Qe2 Qg5 25. Ng4 Bg7 26. Bd2 Qh4 27. Be3 b6 28.
Bf2 Qd8 29. Be3 Qh4 30. Bf2 Qd8 31. Be3 Qe7 32. Nh6+ Bxh6 33. Bxh6 Qc5+ 34. Qe3
Qxe3+ 35. Rxe3 Rfd8 36. Re2 Rd4 37. Ref2 Be8 38. Be3 R4d5 39. Bg5 Rc8 40. Re2 a5
41. Ra1 Ng7 42. g4 h5 43. h3 Bc6 44. Kf2 Rd7 45. Kg3 Bd5 46. Be3 Bxb3 47. Bxb6
a4 48. Bb5 Rb7 49. Ba6 Rc3+ 50. Re3 Rxe3+ 51. Bxe3 Rc7 52. cxb3 axb3 53. Bd4 Rd7
54. Bb2 Rd2 55. Rb1 g5 56. Bc3 Ra2 57. Bc4 h4+ 58. Kf3 Ne8 59. Rxb3 Ra4 60. Rb8
Rxc4 61. Rxe8+ Kg7 62. Bd2 Rc5 63. Ke4 Rc4+ 64. Kd3 Rc5 65. Be3 Ra5 66. Bxg5
Rxe5 67. Bxh4 Ra5 68. Rc8 f5 69. g5 Kg6 70. Rg8+ Kf7 71. Rc8 Kg6 72. Rc6 Kh5 73.
Be1 Rd5+ 74. Kc2 Kxg5 75. Rxe6 f4 76. Bd2 Kh4 77. Rh6+ Kg3 78. Be1+ Kg2 79. h4
f3 80. Rf6 Kf1 81. Bg3 Kg2 82. Be1 Kf1 83. Bd2 Kg2 84. Rg6+ Kh3 85. Be1 Re5 86.
Kd1 Rd5+ 87. Kc2 Re5 88. Kd2 Rd5+ 89. Ke3 Re5+ 90. Kd2 Rd5+ 91. Kc3 Re5 92. Kd2
Re2+ 93. Kd1 Rg2 94. h5 f2 95. Bxf2 Rxf2 96. h6 Rf8 97. h7 Rh8 98. Rg7 Kh4 99.
Rf7 1/2-1/2

[Event "74th ch-UKR w 2014"]
[Site "Lviv UKR"]
[Date "2014.11.20"]
[Round "7.1"]
[White "Gaponenko, Inna"]
[Black "Zhukova, Natalia"]
[Result "1/2-1/2"]
[WhiteTitle "IM"]
[BlackTitle "GM"]
[WhiteElo "2381"]
[BlackElo "2470"]
[WhiteFideId "14101181"]
[BlackFideId "14101513"]
[EventDate "2014.11.13"]

1. e4 e5 2. Nf3 Nc6 3. Bb5 g6 4. d4 exd4 5. Bg5 Be7 6. Bxe7 Qxe7 7. Bxc6 dxc6 8.
Qxd4 Nf6 9. Nc3 Bg4 10. Nd2 c5 11. Qe3 O-O-O 12. f3 Bd7 13. O-O-O Bc6 14. Nc4 b6
15. Rxd8+ Rxd8 16. Rd1 Rxd1+ 17. Kxd1 h5 18. Qg5 Qe6 19. b3 Nd7 20. a4 a6 21.
Kc1 Bb7 22. Kb1 Bc6 23. Kc1 Bb7 1/2-1/2

[Event "74th ch-UKR w 2014"]
[Site "Lviv UKR"]
[Date "2014.11.20"]
[Round "7.2"]
[White "Osmak, Iulija"]
[Black "Muzychuk, Anna"]
[Result "1/2-1/2"]
[WhiteTitle "WFM"]
[BlackTitle "GM"]
[WhiteElo "2246"]
[BlackElo "2545"]
[WhiteFideId "14101602"]
[BlackFideId "14111330"]
[EventDate "2014.11.13"]

1. e4 c6 2. d4 d5 3. e5 Bf5 4. Nf3 e6 5. Be2 Nd7 6. O-O h6 7. Nbd2 Ne7 8. c3 Qc7
9. Nb3 g5 10. Be3 Bg7 11. Ne1 O-O-O 12. f4 f6 13. exf6 Bxf6 14. Nd3 Rdg8 15.
Nbc5 Nxc5 16. Nxc5 Ng6 17. Bg4 gxf4 18. Bxf5 exf5 19. Bf2 Bg5 20. Qd3 Qf7 21. b4
b6 22. Nb3 Bh4 23. b5 cxb5 24. Qxb5 f3 25. Qc6+ Qc7 1/2-1/2

[Event "74th ch-UKR w 2014"]
[Site "Lviv UKR"]
[Date "2014.11.20"]
[Round "7.3"]
[White "Tantsiura, Maria"]
[Black "Muzychuk, Mariya"]
[Result "0-1"]
[WhiteTitle "WIM"]
[BlackTitle "IM"]
[WhiteElo "2302"]
[BlackElo "2529"]
[WhiteFideId "14124327"]
[BlackFideId "14114550"]
[EventDate "2014.11.13"]

1. e4 c5 2. c3 d5 3. exd5 Qxd5 4. d4 Nf6 5. Na3 a6 6. Nc4 Nbd7 7. Nf3 e6 8. Be2
cxd4 9. Qxd4 Bc5 10. Qxd5 Nxd5 11. O-O b6 12. Nfe5 Nxe5 13. Nxe5 Bb7 14. Bf3 Rb8
15. Re1 Ke7 16. Bd2 Rhc8 17. Rad1 Bd6 18. Bc1 f6 19. Bxd5 Bxd5 20. Rxd5 Bxe5 21.
Rd3 Rd8 22. Rde3 Kf7 23. Re4 Re8 24. Be3 b5 25. f4 Bc7 26. Rd1 Red8 27. Red4
Rxd4 28. Rxd4 Bb6 29. Rd3 Bxe3+ 30. Rxe3 Rd8 31. Kf2 Rd1 32. Re2 Ke7 33. Ke3 h5
34. g3 g6 35. b3 Rc1 36. Kd2 Ra1 37. Kd3 Kd6 38. c4 e5 39. fxe5+ fxe5 40. Kc3
bxc4 41. bxc4 a5 42. Kb3 Rb1+ 43. Ka4 Rb4+ 44. Kxa5 Rxc4 45. Kb5 Rc1 46. a4 Rb1+
47. Ka6 Kd5 48. Rd2+ Kc5 49. Rc2+ Kd4 50. Rc6 e4 51. Rd6+ Ke5 52. Rxg6 e3 53.
Rg8 Rb4 54. Re8+ Kd4 55. Ka5 Rb3 56. h3 Kd3 57. g4 hxg4 58. hxg4 e2 59. g5 Kd2
60. Rxe2+ Kxe2 61. Ka6 Kd3 62. a5 Kc4 63. g6 Kc5 64. Ka7 Rg3 0-1

[Event "74th ch-UKR w 2014"]
[Site "Lviv UKR"]
[Date "2014.11.20"]
[Round "7.4"]
[White "Doluhanova, Evgeniya"]
[Black "Tarleva, Vira"]
[Result "1/2-1/2"]
[WhiteTitle "WGM"]
[BlackTitle "WFM"]
[WhiteElo "2284"]
[BlackElo "2127"]
[WhiteFideId "14112035"]
[BlackFideId "14116693"]
[EventDate "2014.11.13"]

1. e4 c5 2. Nf3 d6 3. d4 cxd4 4. Nxd4 Nf6 5. Nc3 a6 6. Be3 e6 7. f3 b5 8. Qd2
Nbd7 9. g4 h6 10. h4 Qc7 11. Rg1 b4 12. Nce2 Nb6 13. Ng3 d5 14. g5 hxg5 15. hxg5
Bd6 16. gxf6 Bxg3+ 17. Rxg3 Qxg3+ 18. Bf2 Qd6 19. fxg7 Rg8 20. Qh6 Qe5 21. Nc6
Qxg7 22. Qxg7 Rxg7 23. Bxb6 dxe4 24. fxe4 Bb7 25. Nxb4 Rg4 26. O-O-O f5 27. Nd3
Bxe4 28. Nf2 Bf3 29. Nxg4 Bxd1 30. Kxd1 fxg4 31. c4 Kd7 32. Ke2 Rf8 33. Bg2 g3
34. Be3 a5 35. b3 e5 36. c5 Rb8 37. c6+ Kd6 38. Bd2 a4 39. bxa4 Rb2 40. a3 Rc2
41. Kd3 Rxc6 42. Bc3 Ra6 43. Bb4+ Kc7 44. a5 Rh6 45. Bc3 Rh5 46. Ke3 Kb8 47. Bb4
Rh2 48. Bd5 Rc2 49. Bd6+ Ka7 50. Bxe5 g2 51. Bd4+ Ka6 52. Kd3 Rb2 53. Kc3 Rb1
54. Bxg2 Kxa5 55. Kc2 Rb8 56. Bh3 Rb7 57. Bg2 Rb8 58. Bd5 Rd8 59. Bc3+ Ka4 60.
Bb3+ Kxa3 61. Bb2+ Kb4 62. Bc3+ Ka3 1/2-1/2

[Event "74th ch-UKR w 2014"]
[Site "Lviv UKR"]
[Date "2014.11.21"]
[Round "8.1"]
[White "Muzychuk, Mariya"]
[Black "Doluhanova, Evgeniya"]
[Result "1-0"]
[WhiteTitle "IM"]
[BlackTitle "WGM"]
[WhiteElo "2529"]
[BlackElo "2284"]
[WhiteFideId "14114550"]
[BlackFideId "14112035"]
[EventDate "2014.11.13"]

1. e4 c5 2. c3 d6 3. d4 Nf6 4. Bd3 e5 5. d5 Be7 6. Nf3 O-O 7. O-O b5 8. a4 b4 9.
Nbd2 a5 10. Qe2 Nbd7 11. Nc4 Nb6 12. Nxb6 Qxb6 13. Nd2 Bg4 14. Qe3 Nh5 15. Nc4
Qd8 16. h3 Bc8 17. cxb4 axb4 18. Qe2 g6 19. a5 Bg5 20. Nb6 Bxc1 21. Nxa8 Nf4 22.
Qf3 Bxb2 23. Ra2 Bd4 24. Nb6 Bb7 25. Kh2 f5 26. Bc4 Kg7 27. g3 fxe4 28. Qxe4 Nh5
29. Qc2 Nf6 30. f3 Nh5 31. Qa4 e4 32. f4 Rf7 33. Qb5 g5 34. Rg2 e3 35. a6 Bxa6
36. Qxa6 Qf8 37. Qc8 Qe7 38. Qg4 Nf6 39. Qxg5+ Kh8 40. Ra2 Rf8 41. Bd3 b3 42.
Re2 b2 43. Nc4 Rb8 44. Rb1 Rb3 45. Qf5 Nxd5 46. Qxd5 Rxd3 47. Nxd6 1-0

[Event "74th ch-UKR w 2014"]
[Site "Lviv UKR"]
[Date "2014.11.21"]
[Round "8.2"]
[White "Zhukova, Natalia"]
[Black "Muzychuk, Anna"]
[Result "1/2-1/2"]
[WhiteTitle "GM"]
[BlackTitle "GM"]
[WhiteElo "2470"]
[BlackElo "2545"]
[WhiteFideId "14101513"]
[BlackFideId "14111330"]
[EventDate "2014.11.13"]

1. Nf3 c5 2. c4 Nc6 3. Nc3 g6 4. e3 Nf6 5. d4 cxd4 6. exd4 d5 7. cxd5 Nxd5 8.
Bc4 Nb6 9. Bb3 Bg7 10. O-O O-O 11. d5 Na5 12. h3 Re8 13. Re1 Nxb3 14. axb3 Bxc3
15. bxc3 Qxd5 16. Bd2 f6 17. c4 Qf7 18. Be3 Bf5 19. Bxb6 axb6 20. Rxa8 Rxa8 21.
g4 Be6 22. Qd4 Re8 23. Qxb6 Bc8 24. Nd2 h5 25. f3 hxg4 26. hxg4 Kg7 27. Ne4 f5
28. Ng5 Qf6 29. Ne6+ Kf7 30. Nd8+ Kg7 31. Ne6+ Kf7 32. Nd8+ Kf8 33. Ne6+ 1/2-1/2

[Event "74th ch-UKR w 2014"]
[Site "Lviv UKR"]
[Date "2014.11.21"]
[Round "8.3"]
[White "Gaponenko, Inna"]
[Black "Kalinina, Olga"]
[Result "1/2-1/2"]
[WhiteTitle "IM"]
[BlackTitle "WGM"]
[WhiteElo "2381"]
[BlackElo "2259"]
[WhiteFideId "14101181"]
[BlackFideId "14117258"]
[EventDate "2014.11.13"]

1. e4 c5 2. Nf3 e6 3. d4 cxd4 4. Nxd4 a6 5. Bd3 Bc5 6. Nb3 Be7 7. Qg4 Bf6 8. f4
d6 9. O-O Nc6 10. Nc3 Nge7 11. Be3 O-O 12. Rad1 Qc7 13. a3 b5 14. Rf2 Ng6 15.
Qe2 Re8 16. g4 b4 17. Na4 Rb8 18. g5 Be7 19. Bxa6 Bd7 20. axb4 Nxb4 21. Nc3 d5
22. Bb5 Bxb5 23. Nxb5 Qb7 24. Nc3 dxe4 25. Nc5 Bxc5 26. Bxc5 Nd5 27. Qxe4 Qc7
28. Nxd5 Qxc5 29. Ne3 Rxb2 30. f5 Nf8 31. h4 Rb4 32. c4 Rb3 33. Ng4 Rg3+ 34. Kf1
exf5 35. Qxe8 Rxg4 36. Qb5 Qc7 37. Qxf5 Qxc4+ 38. Qd3 Qe6 39. Re1 Qc6 40. Qf3
Qc4+ 41. Qe2 Qd4 42. Qf3 Qc4+ 43. Qe2 Qb4 44. Qf3 Qb5+ 45. Qe2 Qd7 46. Rd1 Qa4
47. Qf3 Qc4+ 48. Qd3 Qc7 49. Qd8 Qc4+ 50. Qd3 Qc7 1/2-1/2

[Event "74th ch-UKR w 2014"]
[Site "Lviv UKR"]
[Date "2014.11.21"]
[Round "8.4"]
[White "Tarleva, Vira"]
[Black "Osmak, Iulija"]
[Result "0-1"]
[WhiteTitle "WFM"]
[BlackTitle "WFM"]
[WhiteElo "2127"]
[BlackElo "2246"]
[WhiteFideId "14116693"]
[BlackFideId "14101602"]
[EventDate "2014.11.13"]

1. e4 e6 2. d4 d5 3. Nc3 Nf6 4. Bg5 dxe4 5. Nxe4 Nbd7 6. Nf3 h6 7. Nxf6+ Nxf6 8.
Bf4 c5 9. dxc5 Bxc5 10. Qxd8+ Kxd8 11. Be2 Ke7 12. Ne5 g5 13. Nd3 Bxf2+ 14. Kxf2
gxf4 15. Nxf4 Ne4+ 16. Ke3 Nd6 17. g4 Bd7 18. c4 Rac8 19. Rac1 Rc5 20. b4 Re5+
21. Kd3 Bc6 22. Rhf1 Rd8 23. Kc2 Re3 24. Bd3 e5 25. b5 Bf3 26. Rce1 Rxe1 27.
Rxe1 f6 28. h3 Rc8 29. Kb3 Kf7 30. Nh5 e4 31. Rf1 exd3 32. Rxf3 Ne4 33. Rf5 Rd8
34. Rd5 Rxd5 35. cxd5 Ke7 36. Nf4 d2 37. Kc2 Kd6 38. Ng2 Kxd5 39. Ne3+ Kc5 40.
Nf5 Kxb5 41. Nxh6 Kb4 42. h4 Ka3 43. Nf7 b5 44. g5 b4 45. Nd6 Nxd6 46. g6 Nf5
47. h5 Nh6 0-1

[Event "74th ch-UKR w 2014"]
[Site "Lviv UKR"]
[Date "2014.11.22"]
[Round "9.1"]
[White "Kalinina, Olga"]
[Black "Zhukova, Natalia"]
[Result "0-1"]
[WhiteTitle "WGM"]
[BlackTitle "GM"]
[WhiteElo "2259"]
[BlackElo "2470"]
[WhiteFideId "14117258"]
[BlackFideId "14101513"]
[EventDate "2014.11.13"]

1. e4 e5 2. Nf3 Nc6 3. Bc4 Nf6 4. d3 Bc5 5. c3 O-O 6. O-O d5 7. exd5 Nxd5 8.
Nbd2 a6 9. a4 Bg4 10. h3 Bh5 11. Ne4 Be7 12. Ng3 Bg6 13. a5 b5 14. Bb3 Nf6 15.
d4 exd4 16. cxd4 Bb4 17. Bd2 Qd6 18. Bxb4 Qxb4 19. Bc2 Nxa5 20. Bxg6 hxg6 21.
Qc2 Nb3 22. Rad1 Rad8 23. Ne2 c5 24. dxc5 Nxc5 25. Ned4 Rc8 26. Ne5 Na4 27. Nec6
Qxb2 28. Ne7+ Kh7 29. Nxc8 Qxc2 30. Nxc2 Rxc8 31. Nd4 Ne4 32. Rfe1 Nac3 33. Ra1
Nc5 34. Re7 Kg8 35. Ne2 b4 36. Rc1 Nb3 37. Re1 a5 38. Nf4 a4 39. Rb7 Na2 40.
Ree7 Nc5 41. Ra7 g5 42. Nd5 Rd8 43. Nb6 b3 44. Nc4 Rd4 45. Na3 Rf4 46. Rec7 Nd3
47. g3 Rxf2 48. Rxa4 b2 49. Rd4 Nac1 50. Rd8+ Kh7 51. Re7 Rd2 52. Rxf7 Ne2+ 53.
Kh2 Nef4+ 54. Kg1 Rg2+ 55. Kf1 Rf2+ 56. Kg1 Nxh3+ 0-1

[Event "74th ch-UKR w 2014"]
[Site "Lviv UKR"]
[Date "2014.11.22"]
[Round "9.2"]
[White "Muzychuk, Anna"]
[Black "Tarleva, Vira"]
[Result "1-0"]
[WhiteTitle "GM"]
[BlackTitle "WFM"]
[WhiteElo "2545"]
[BlackElo "2127"]
[WhiteFideId "14111330"]
[BlackFideId "14116693"]
[EventDate "2014.11.13"]

1. Nf3 Nf6 2. c4 c6 3. d4 d5 4. Nc3 a6 5. e3 e6 6. Bd3 dxc4 7. Bxc4 b5 8. Bb3 c5
9. O-O Be7 10. Qe2 O-O 11. dxc5 Bxc5 12. e4 Bb7 13. e5 Nd5 14. Nxd5 Bxd5 15. Bg5
Qb6 16. Bxd5 exd5 17. Rfd1 d4 18. Rac1 Nd7 19. b4 Bxb4 20. Rxd4 Ba3 21. Rcd1 Nc5
22. Qe3 Ne6 23. Qxa3 Nxd4 24. Rxd4 Qg6 25. h3 a5 26. Kh2 b4 27. Qe3 Rac8 28. Bf6
Rc3 29. Qd2 Qc2 30. Rg4 1-0

[Event "74th ch-UKR w 2014"]
[Site "Lviv UKR"]
[Date "2014.11.22"]
[Round "9.3"]
[White "Osmak, Iulija"]
[Black "Muzychuk, Mariya"]
[Result "1/2-1/2"]
[WhiteTitle "WFM"]
[BlackTitle "IM"]
[WhiteElo "2246"]
[BlackElo "2529"]
[WhiteFideId "14101602"]
[BlackFideId "14114550"]
[EventDate "2014.11.13"]

1. e4 e5 2. Nf3 Nc6 3. Bb5 a6 4. Ba4 Nf6 5. Qe2 b5 6. Bb3 Be7 7. c3 d5 8. d3 O-O
9. O-O Re8 10. a4 b4 11. a5 Bb7 12. Rd1 h6 13. Nbd2 Bc5 14. exd5 Nxd5 15. Ne4
Nf4 16. Qc2 Bd6 17. Nxd6 Qxd6 18. Bxf4 exf4 19. d4 bxc3 20. bxc3 Rab8 21. h3 Bc8
22. c4 Qf6 23. Ba4 Bf5 24. Qd2 Be4 25. Bxc6 Qxc6 26. Qxf4 Qxc4 27. Rac1 Qa4 28.
Qxc7 Bxf3 29. gxf3 Qb3 30. Qf4 Rb5 31. Re1 Rg5+ 32. Kh2 Rxe1 33. Rxe1 Qa2 34.
Qb8+ Kh7 35. Qb1+ Qxb1 36. Rxb1 Rxa5 37. Rb6 Rd5 1/2-1/2

[Event "74th ch-UKR w 2014"]
[Site "Lviv UKR"]
[Date "2014.11.22"]
[Round "9.4"]
[White "Tantsiura, Maria"]
[Black "Gaponenko, Inna"]
[Result "0-1"]
[WhiteTitle "WIM"]
[BlackTitle "IM"]
[WhiteElo "2302"]
[BlackElo "2381"]
[WhiteFideId "14124327"]
[BlackFideId "14101181"]
[EventDate "2014.11.13"]

1. e4 c5 2. Nf3 d6 3. d4 cxd4 4. Nxd4 Nf6 5. Nc3 Nc6 6. Bc4 e5 7. Nde2 Be6 8.
Bb3 Be7 9. Bg5 O-O 10. O-O Ne8 11. Bxe7 Nxe7 12. Qd3 Qb6 13. Kh1 Nf6 14. f4 Rad8
15. Bxe6 fxe6 16. Qh3 d5 17. exd5 Nfxd5 18. fxe5 Nf5 19. Nxd5 Rxd5 20. Nf4 Rxe5
21. Nd3 Re2 22. c3 Rf6 23. Rae1 Rd2 24. Ne5 Rh6 25. Qf3 Qc7 26. Ng4 Rg6 27. Ne3
Qc6 28. Nxf5 Qxf3 29. Rxf3 exf5 30. Rxf5 h6 31. g3 Rxb2 32. a4 Rc6 33. Re3 Rd6
34. Kg1 Rd1+ 35. Rf1 Rdd2 36. Re8+ Kh7 37. Rfe1 Rg2+ 0-1